Опыт бригадного подряда в шахтном строительстве

Dades bibliogràfiques
Autor principal: Вяльцев М. М. Михаил Михайлович
Altres autors: Крюков Б. М. Борис Михайлович
Sumari:Исключено из фонда НТБ ТПУ
Idioma:rus
Publicat: Москва, Недра, 1986
Col·lecció:Шаги бригадного подряда
Format: MixedMaterials Llibre
KOHA link:https://koha.lib.tpu.ru/cgi-bin/koha/opac-detail.pl?biblionumber=266318

MARC

LEADER 00000nam0a2200000 4500
001 266318
005 20231031223500.0
035 |a (RuTPU)RU\TPU\book\289337 
090 |a 266318 
100 |a 20140707d1986 k y0rusy50 ca 
101 0 |a rus 
102 |a RU 
105 |a a z 001zy 
200 1 |a Опыт бригадного подряда в шахтном строительстве  |f М. М. Вяльцев, Б. М. Крюков 
210 |a Москва  |c Недра  |d 1986 
215 |a 222 с.  |c ил. 
225 1 |a Шаги бригадного подряда 
333 |a Исключено из фонда НТБ ТПУ 
700 1 |a Вяльцев  |b М. М.  |g Михаил Михайлович 
701 1 |a Крюков  |b Б. М.  |g Борис Михайлович 
801 1 |a RU  |b 63413507  |c 20140707 
801 2 |a RU  |b 63413507  |c 20220211  |g RCR 
942 |c BK